The Course in landscape architecture /
Saved in:
| Corporate Author: | |
|---|---|
| Format: | Book |
| Language: | English |
| Published: |
Boston, Mass. :
The Institute,
[1932?]
|
| Subjects: | |
| Tags: |
Add Tag
No Tags, Be the first to tag this record!
|
| LEADER | 00690nam a22001697u 4500 | ||
|---|---|---|---|
| 001 | 000000321-2 | ||
| 005 | 20020606090541.3 | ||
| 008 | 830127|1932 ||||||| |||| |0||||eng|d | ||
| 035 | 0 | |a ocn188263862 | |
| 245 | 0 | 4 | |a The Course in landscape architecture / |c Massachusetts Institute of Technology, Boston, Department of Architecture. |
| 260 | 0 | |a Boston, Mass. : |b The Institute, |c [1932?] | |
| 300 | |a 30 p., [1] col. leaf of plates : |b ill. ; |c 24 cm. | ||
| 500 | |a Reprinted from : Technology review, Vol.5, no.1. | ||
| 650 | 0 | |a Landscape architecture |x Study and teaching |z Massachusetts |z Boston. | |
| 710 | 2 | |a Massachusetts Institute of Technology. |b Department of Architecture. | |
| 988 | |a 20020608 | ||
| 906 | |0 MH | ||


